| 000 | 004580000a22002050004500 | ||
|---|---|---|---|
| 999 |
_c48773 _d48773 |
||
| 001 | 1615 | ||
| 003 | CO-MdFUSB | ||
| 005 | 20171107145327.0 | ||
| 008 | 171107b xxu||||| |||| 00| 0 eng d | ||
| 020 | _a958-04-7107-X | ||
| 040 | _cCO-MdBIC | ||
| 082 | 0 | 4 | _a863N Is12m |
| 100 | 1 | _aIsaacs, Jorge | |
| 245 | 1 | 0 | _aMaría / Jorge Isaacs |
| 250 | _a2a ed. | ||
| 260 | _aBogotá : Norma | ||
| 300 | _a407 P. | ||
| 650 | 1 | 4 | _aNovela colombiana |
| 942 | _cLGB | ||